Prechod na euro z daňového hľadiska

Dôsledky zavedenia eura z hľadiska dane z príjmov. Dôsledky zavedenia eura z hľadiska dane z pridanej hodnoty. Podávanie daňových priznaní a platenie daní. Daňové kontroly.

Guardado en:
Detalles Bibliográficos
Autor principal: Baštincová, Anna
Formato: Capítulo de libro
Lenguaje:eslovaco
Materias:
Etiquetas: Agregar Etiqueta
Sin Etiquetas, Sea el primero en etiquetar este registro!

MARC

LEADER 00000naa$a2200000$$$4500
001 0090031
005 20240502072014.8
041 0 |a slo 
044 |a SK 
245 1 0 |a Prechod na euro z daňového hľadiska  |c Anna Baštincová 
520 |a Dôsledky zavedenia eura z hľadiska dane z príjmov. Dôsledky zavedenia eura z hľadiska dane z pridanej hodnoty. Podávanie daňových priznaní a platenie daní. Daňové kontroly. 
610 2 0 |a euro 
610 2 0 |a dane z hodnoty pridanej 
610 2 0 |a dane z príjmov 
610 2 0 |a priznania daňové 
100 1 |a Baštincová, Anna